00968cam a22002897a 450000100090000000300040000900500170001300800410003001000170007102000150008804000130010304200100011604300120012605000250013808200200016310000370018324501350022024600230035524600390037826000760041730000290049350400540052252100210057652600190059754100060061656200560062214335733OSt20140310182855.0050323s1999 ph a b 000 0 eng  a 2003532774 a9715902987 aDLCcDLC alcode aa-ph---00aBV4501.2b.An56 1999 aF 230bAn2 19991 aAndres, Tomas Quintin D.,d1942-10aHow to become a successful Filipino Christian :ba sequel to new dimension in Philippine Christianity /cAndres, Tomas Quintin D. 30aFilipino Christian18aHow to become a Filipino Christian aPasay City, Philippines :bPaulines Pub. House,cc1999g(2000 printing) a182 p. :bill. ;c21 cm. aIncludes bibliographical references (p. 174-180). aCollege Students c1210L to 1700L j1 eFor Circulation. 1 copy available in the collection